| 000 | 004860000a22001810004500 | ||
|---|---|---|---|
| 003 | MACL | ||
| 005 | 20150802154029.0 | ||
| 008 | 150802b xxu||||| |||| 00| 0 eng d | ||
| 040 |
_aMACL _cMACL |
||
| 041 | _aEnglish | ||
| 082 | _a390/ATK | ||
| 100 |
_aAtkinson, David _94404 |
||
| 245 |
_aCultural Geograpy _bA Critical Dictionary of Key Concepts |
||
| 260 |
_bRawat Publiscations _c2007 _aNew Delhi |
||
| 350 | _a675 | ||
| 650 |
_aCustome etiquette _94405 |
||
| 942 |
_cBK _k390/ATK _2ddc |
||
| 999 |
_c42193 _d42193 |
||